00366nam a2200109Ia 4500008004100000082001500041100002400056245004300080260003800123300001000161650008500171211119s9999||||xx |||||||||||||| ||und|| a920bRAV-R aRaveendran, Sobhana 0aRaveendrasangeetham:Kelkkatha Ragangal bMathrubhumi Booksa2011cKottayam a176p. aHistory&geographyvBiography, genealogy & insigmaEconomicsxPGR-GANDHIAN STUDIES